banner-ar

BETWEEN MEMORY AND DESIRE / (Record no. 1464)

MARC details
000 -الفاتح
حقل البيانات ثابتة الطول 00590nam a2200205Ia 4500
008 - عناصر البيانات ثابتة الطول - معلومات عامة
حقل البيانات ثابتة الطول 140319s9999 xx 000 0 eng d
020 ## - الرقم الدولى المعيارى للكتب
الرقم الدولى المعيارى للكتاب 9774245938
040 ## - مصدر الفهرسة
وكالة الفهرسة الأصلية GCL /
وكالة النسخ GCL
082 04 - رقم تصنيف ديوى العشرى
رقم التصنيف 956
رقم المادة H B
100 1# - المدخل الرئيسى - إسم شخصى
الإسم الشخصى HUMPHREYS, STEPHEN
245 10 - بيان العنوان
العنوان BETWEEN MEMORY AND DESIRE /
بيان المسئوليه,etc HUMPHREYS, STEPHEN
260 ## - PUBLICATION, DISTRIBUTION, ETC. (IMPRINT)
تاريخ النشر أو التوزيع 1997
300 ## - الوصف المادى
التعداد 24 CM ؛
أبعاد الوعاء 297 P
650 04 - المدخل الاضافى بالموضوع-مصطلح موضوعى
مصطلح موضوعي MIDDLE EAST - FORIEGN RELATION
650 04 - المدخل الاضافى بالموضوع-مصطلح موضوعى
مصطلح موضوعي MIDDLE EAST
650 04 - المدخل الاضافى بالموضوع-مصطلح موضوعى
مصطلح موضوعي MIDDLE EAST - HISTORY
650 04 - المدخل الاضافى بالموضوع-مصطلح موضوعى
مصطلح موضوعي POLITICAL SCIENCE
942 ## - عناصر المدخل الإضافي( كوها)
مصدر التصنيف او مخطط الترفيف Dewey Decimal Classification
Koha [default] item type كتاب
260 ## - PUBLICATION, DISTRIBUTION, ETC. (IMPRINT)
-- القاهرة :
-- THE AMERICAN UNIVERSITY IN CAIRO PRESS ،
Holdings
حالة التراجع حالة الفقد حالة تلف ليس للاعارة المكان المؤقت الموقع الحالى تاريخ الاكتساب اجمالي اﻻعارات رقم الطلب الباركود تاريخ اخر مشاهدة تاريخ تفعيل السعر نوع وعاء كوها
        مكتبة القاهرة الكبرى مكتبة القاهرة الكبرى 03/26/2014   956\H B 3485 03/26/2014 03/26/2014 كتاب

Powered By

EGPV